Online
Catalog

España nuevo siglo : (Record no. 6469)

MARC details
000 -CABECERA
campo de control de longitud fija 00771cam a2200217 a 4500
001 - NÚMERO DE CONTROL
campo de control 000006680
005 - FECHA Y HORA DE LA ÚLTIMA TRANSACCIÓN
campo de control 20200929153956.0
008 - DATOS DE LONGITUD FIJA--INFORMACIÓN GENERAL
campo de control de longitud fija 980116s1997 iluab 000 0 eng d
020 ## - NÚMERO INTERNACIONAL ESTÁNDAR DEL LIBRO
Número Internacional Estándar del Libro 0844270288
040 ## - FUENTE DE LA CATALOGACIÓN
Centro catalogador/agencia de origen DO-SdBNP
Centro/agencia transcriptor BNPHU
Lengua de catalogación spa
041 17 - CÓDIGO DE LENGUA
Código de lengua del texto/banda sonora o título independiente spa
082 ## - NÚMERO DE LA CLASIFICACIÓN DECIMAL DEWEY
Número de clasificación 486.2421
Número de documento/Ítem K19e
100 1# - ENTRADA PRINCIPAL--NOMBRE DE PERSONA
Nombre de persona Kattán-Ibarra, Juan.
9 (RLIN) 18612
245 10 - MENCIÓN DE TÍTULO
Título España nuevo siglo :
Resto del título language in context /
Mención de responsabilidad, etc. Juan Kattán-Ibarra, Tim Connell ; editor Elizabeth Millán.
260 ## - PUBLICACIÓN, DISTRIBUCIÓN, ETC.
Lugar de publicación, distribución, etc. Lincolnwood :
Nombre del editor, distribuidor, etc. National Textbook Company,
Fecha de publicación, distribución, etc. 1997.
300 ## - DESCRIPCIÓN FÍSICA
Extensión vi, 192 p. :
Otras características físicas il., mapas ;
Dimensiones 28 cm.
650 #4 - PUNTO DE ACCESO ADICIONAL DE MATERIA--TÉRMINO DE MATERIA
Término de materia o nombre geográfico como elemento de entrada Español
Subdivisión general Libros de texto para extranjeros
-- Ingles
9 (RLIN) 18613
651 #4 - PUNTO DE ACCESO ADICIONAL DE MATERIA--NOMBRE GEOGRÁFICO
Nombre geográfico España
Subdivisión general Vida Social Y Costumbres
9 (RLIN) 18614
700 1# - PUNTO DE ACCESO ADICIONAL--NOMBRE DE PERSONA
Nombre de persona Connell, Tim.
9 (RLIN) 18615
700 1# - PUNTO DE ACCESO ADICIONAL--NOMBRE DE PERSONA
Nombre de persona Millán, Elizabeth
Término indicativo de función/relación ed.
9 (RLIN) 18616
Holdings
Estado de retiro Estado de pérdida Restricciones de uso No para préstamo Código de colección Localización permanente Ubicación/localización actual Ubicación en estantería Fecha de adquisición Número de inventario Total de préstamos Signatura topográfica completa Código de barras Fecha visto por última vez Precio válido a partir de Tipo de ítem Koha Número de copia
        Monografías: Libros y Folletos General General En catalogación 01.09.2009 LF1   486.2421 K19e 6680-10 25.06.2020 25.06.2020 Préstamo en sala  
    Préstamo restringido Préstamo restrigido Monografías: Libros y Folletos General General En catalogación 01.09.2009 LF1   486.2421 K19e 6680-20 25.06.2020 25.06.2020 Préstamo interno e.2

Powered by Koha